[Event "Druzynowe Mistrzostwa Polski Juniorow 2018 - II Liga"]
[Site "Szczyrk"]
[Date "1899-12-30"]
[Round "3.5"]
[White "Krzyzosiak, Anna"]
[Black "Leczek, Weronika"]
[Result "0-1"]
[WhiteTitle "I+"]
[BlackTitle "k"]
[WhiteElo "1552"]
[BlackElo "1832"]

1. e4 c5 2. Nf3 Nc6 3. d4 cxd4 4. Nxd4 Nf6 5. Nc3 d6 6. Bg5 e6 7. Qd2 a6 8. O-O-O
h6 9. Bh4 Nxe4 10. Qf4 Ng5 11. Nxc6 bxc6 12. Ne4 e5 13. Bxg5 hxg5 14. Qxg5 Qxg5+
15. Nxg5 f6 16. Ne4 d5 17. Nd2 a5 18. a4 Rh4 19. b3 Rb8 20. Nf3 Rhb4 21. Be2 Bf5
22. Rhe1 Bc5 23. Rf1 Be6 24. Ne1 e4 25. f3 Be3+ 26. Kb2 Rxa4 27. fxe4 dxe4 28.
g4 Rab4 29. Ng2 Bxb3 30. cxb3 Rxb3+ 31. Ka2 Rb2+ 32. Ka3 Bc5+ 33. Ka4 Ra2# 0-1

[Event "Druzynowe Mistrzostwa Polski Juniorow 2018 - II Liga"]
[Site "Szczyrk"]
[Date "1899-12-30"]
[Round "3.6"]
[White "Slusarczyk, Milena"]
[Black "Krzyzosiak, Marta"]
[Result "0-1"]
[WhiteTitle "I+"]
[BlackTitle "I"]
[WhiteElo "1422"]
[BlackElo "1579"]

1. e4 c5 2. Nf3 d6 3. d4 cxd4 4. Nxd4 Nf6 5. Nc3 Nc6 6. g3 e6 7. Bg2 Be7 8. O-O
O-O 9. h3 a6 10. a4 d5 11. exd5 exd5 12. Re1 Nxd4 13. Qxd4 Be6 14. Bf4 Rc8 15.
Rad1 Bc5 16. Qd2 Qb6 17. Be5 Nd7 18. Nxd5 Bxd5 19. Bxd5 Nxe5 20. Rxe5 Qxb2 21.
Re2 b5 22. axb5 axb5 23. Bb3 Qf6 24. Qe1 g6 25. Re4 Qf3 26. Rd3 Bxf2+ 27. Kf1
Be3+ 0-1

[Event "Druzynowe Mistrzostwa Polski Juniorow 2018 - II Liga"]
[Site "Szczyrk"]
[Date "1899-12-30"]
[Round "3.7"]
[White "Luczak, Filip"]
[Black "Norek, Bartosz"]
[Result "1-0"]
[WhiteTitle "CM"]
[BlackTitle "I"]
[WhiteElo "2044"]
[BlackElo "1784"]

1. Nf3 d6 2. d4 Bg4 3. g3 c6 4. Bg2 Nd7 5. Nc3 Qc7 6. e4 e5 7. Be3 Ngf6 8. Qd2
Bxf3 9. Bxf3 Be7 10. a4 O-O 11. O-O a5 12. Rad1 Rfd8 13. d5 Nb8 14. h3 Na6 15.
Bg2 Rac8 16. f4 exf4 17. Rxf4 cxd5 18. exd5 Nd7 19. Rf2 Nb4 20. Bd4 Ne5 21. Qf4
Rf8 22. Kh2 Na6 23. Nb5 Qb8 24. Re1 Nc5 25. Rxe5 dxe5 26. Bxe5 Qa8 27. d6 Bd8
28. Qg4 f6 29. Bd5+ Kh8 30. d7 Rc6 31. Bxc6 bxc6 32. Bd6 Rg8 33. Bxc5 cxb5 34.
axb5 Qd5 35. Qd4 Qg5 36. b6 a4 37. c4 h6 38. Bd6 f5 39. b7 1-0

[Event "Druzynowe Mistrzostwa Polski Juniorow 2018 - II Liga"]
[Site "Szczyrk"]
[Date "1899-12-30"]
[Round "3.8"]
[White "Hryn, Zofia"]
[Black "Grzesik, Gracjan"]
[Result "1-0"]
[WhiteTitle "I++"]
[BlackTitle "I"]
[WhiteElo "1668"]
[BlackElo "1884"]

1. d4 d5 2. c4 e6 3. Nc3 Nf6 4. cxd5 exd5 5. Bf4 Bd6 6. Bxd6 Qxd6 7. e3 a6 8. Qc2
O-O 9. Bd3 Nbd7 10. Nf3 b6 11. O-O Bb7 12. h3 Rfe8 13. Rfd1 Ne4 14. Rac1 Rac8
15. b3 f5 16. Qe2 b5 17. Qb2 Qf6 18. Ne2 c6 19. a4 g5 20. axb5 axb5 21. Ra1 Kg7
22. Ra7 Rb8 23. Rc1 Qd6 24. Ne5 Nxe5 25. dxe5 Qxe5 26. Qxe5+ Rxe5 27. Rxc6 Re7
28. Rb6 Nc5 29. Nd4 Rf7 30. Bxb5 Ra8 31. Rxa8 Bxa8 32. b4 Nd7 33. Ne6+ Kg8 34.
Bxd7 Rxd7 35. Rb8+ Kf7 36. Nxg5+ Kg6 37. Rxa8 Kxg5 38. Ra1 Rb7 39. Rb1 Rb5 40.
f4+ Kf6 41. g4 h6 42. Kf2 Ke6 43. g5 hxg5 44. fxg5 Ke5 45. Kf3 f4 46. exf4+ Kf5
47. Rd1 Rxb4 48. Rxd5+ Kg6 49. Rd6+ Kg7 50. h4 Rb3+ 51. Kg4 Rb1 52. h5 Rg1+ 53.
Kf5 Rb1 54. h6+ Kh7 55. Rd7+ Kg8 56. Kg6 Rb6+ 57. Kh5 Rb5 58. Kg4 Rb6 59. f5 Rb4+
60. Kh5 Rb5 61. Rd8+ Kf7 62. h7 Rb1 63. Qh8 Rh1+ 64. Kg4 Rxh8 65. Rxh8 Kg7 66.
Ra8 Kf7 67. Ra7+ Kf8 68. f6 Kg8 69. g6 1-0

[Event "Druzynowe Mistrzostwa Polski Juniorow 2018 - II Liga"]
[Site "Szczyrk"]
[Date "1899-12-30"]
[Round "3.9"]
[White "Majewski, Krzysztof"]
[Black "Wielgus, Wojciech"]
[Result "1-0"]
[WhiteTitle "II+"]
[BlackTitle "I"]
[WhiteElo "1695"]
[BlackElo "1652"]

1. c4 e5 2. Nc3 Nc6 3. g3 d6 4. Bg2 Be6 5. d3 Qd7 6. Nf3 h6 7. e4 g6 8. Nd5 Bg7
9. Bd2 Nd8 10. Nh4 c6 11. Ne3 Ne7 12. O-O O-O 13. f4 f5 14. Bc3 a6 15. a4 Kh7
16. Qe2 b6 17. b4 Ra7 18. Rad1 fxe4 19. dxe4 exf4 20. Bxg7 Kxg7 21. gxf4 Qc7 22.
f5 gxf5 23. exf5 Bg8 24. f6+ Kh7 25. Be4+ Kh8 26. fxe7 Qxe7 27. Ng6+ 1-0

[Event "Druzynowe Mistrzostwa Polski Juniorow 2018 - II Liga"]
[Site "Szczyrk"]
[Date "1899-12-30"]
[Round "3.10"]
[White "Warchol, Kamil"]
[Black "Wolaniecki, Patryk"]
[Result "0-1"]
[WhiteTitle "CM"]
[BlackTitle "I"]
[WhiteElo "1540"]
[BlackElo "1713"]

1. e4 c5 2. b3 Nc6 3. Bb2 e5 4. Bc4 g6 5. f4 Nd4 6. Nf3 exf4 7. O-O Bg7 8. Nxd4
cxd4 9. Rxf4 Nh6 10. Rf1 O-O 11. Qf3 Qc7 12. Qf4 Qb6 13. d3 d6 14. Ba3 Be6 15.
Bxd6 Rfe8 16. Nd2 Qc6 17. Ba3 b5 18. Bxe6 Rxe6 19. Rac1 f6 20. Bb2 Rd8 21. Nf3
f5 22. e5 Ng4 23. Nxd4 Qb6 24. Kh1 Bxe5 25. Qd2 Bxd4 26. Bxd4 Qxd4 27. h3 Nf6
28. Qf2 Qxf2 29. Rxf2 Rde8 30. c4 Re1+ 31. Rf1 Rxf1+ 32. Rxf1 bxc4 33. dxc4 Ne4
34. Rc1 Kf7 35. Kg1 Re7 36. Kf1 Nc5 37. Rc3 a5 38. Rc2 a4 39. Rb2 axb3 40. axb3
Rb7 41. b4 Nd3 42. Rb3 Nxb4 43. c5 Rb8 44. Ke2 Nc6 45. Rc3 Rb2+ 46. Kf3 Rd2 47.
Rc1 Rd5 48. Ke3 h6 49. Rc4 g5 50. g3 Ke6 51. Rc3 Re5+ 52. Kf2 Kd5 53. Rc1 Nd4
54. c6 Nxc6 0-1

[Event "Druzynowe Mistrzostwa Polski Juniorow 2018 - II Liga"]
[Site "Szczyrk"]
[Date "1899-12-30"]
[Round "3.11"]
[White "Trembowiecka-wysota, Aleksandra"]
[Black "Hryn, Aleksandra"]
[Result "0-1"]
[WhiteTitle "I"]
[BlackTitle "I"]
[WhiteElo "1555"]
[BlackElo "1643"]

1. e4 g6 2. d4 Bg7 3. Nc3 c6 4. Bc4 d6 5. Bb3 b5 6. a3 a5 7. Be3 Ba6 8. Qf3 e6
9. Nge2 Ne7 10. Rd1 d5 11. exd5 cxd5 12. a4 b4 13. Nb5 Bxb5 14. axb5 Nf5 15. Ba4
O-O 16. c4 bxc3 17. Nxc3 Nd7 18. Bc2 Nd6 19. Bf4 Nf6 20. O-O Nh5 21. Rfe1 Nxf4
22. Qxf4 Rb8 23. Bd3 Qd7 24. Ra1 Ra8 25. Na4 Rfb8 26. Nc5 Qd8 27. Na6 Rb7 28.
Nc5 Rbb8 29. Na6 Rb7 30. Nc5 Rb6 31. Na4 Rbb8 32. b6 Nc8 33. Rac1 Nxb6 34. Rc7
Qf6 35. Qxf6 Bxf6 36. Nc5 Bxd4 37. Na6 Rc8 38. b3 Rxc7 39. Nxc7 Rc8 40. Nb5 Bb2
41. Bf1 Rc1 42. Re2 Bf6 43. f3 Rb1 44. Ra2 Rxb3 45. Rxa5 Nc4 46. Bxc4 dxc4 47.
Ra8+ Kg7 48. Nd6 Bd4+ 49. Kf1 Rb1+ 50. Ke2 Rb2+ 51. Kd1 c3 52. Nc4 Rxg2 53. Rd8
Bf6 54. Rd3 c2+ 55. Kc1 Bg5+ 56. Nd2 Bxd2+ 57. Rxd2 Rxd2 0-1

[Event "Druzynowe Mistrzostwa Polski Juniorow 2018 - II Liga"]
[Site "Szczyrk"]
[Date "1899-12-30"]
[Round "3.12"]
[White "Kieca, Aleksandra"]
[Black "Bienko, Jagoda"]
[Result "1-0"]
[WhiteTitle "I"]
[BlackTitle "I"]
[WhiteElo "1458"]
[BlackElo "1436"]

1. e4 c5 2. Nc3 d6 3. Bc4 Nc6 4. a4 Nf6 5. d3 g6 6. f4 Bg7 7. Nf3 e6 8. O-O O-O
9. Kh1 b6 10. Qe1 d5 11. exd5 exd5 12. Bb3 Re8 13. Qf2 Bb7 14. Nh4 Nd4 15. f5
Ng4 16. Qg3 Ne5 17. fxg6 fxg6 18. Bg5 Qd7 19. Bf6 Nxb3 20. cxb3 Re6 21. Bxg7 Qxg7
22. Rae1 Rf8 23. Rxf8+ Qxf8 24. Nf3 d4 25. Nxe5 dxc3 26. bxc3 Qd6 27. h3 Qd5 28.
c4 Qd6 29. Qf4 Rf6 30. Qh2 Rf2 31. Rg1 Re2 32. Ng4 Qxh2+ 33. Kxh2 Rd2 34. Ne5
Re2 35. Ng4 Rd2 36. Ne5 Re2 37. Ng4 Bf3 38. Nf6+ Kg7 39. Kg3 Bc6 40. Ng4 Rb2 41.
Ne5 Bb7 42. Rf1 Rxg2+ 43. Kh4 Kg8 44. Rf7 Bc8 45. Rxa7 Bf5 46. Ng4 Bxg4 47. hxg4
Rb2 48. Kg5 Rf2 49. Rb7 Rf3 50. Rxb6 Rxd3 51. a5 Rd7 52. a6 1-0

[Event "Druzynowe Mistrzostwa Polski Juniorow 2018 - II Liga"]
[Site "Szczyrk"]
[Date "1899-12-30"]
[Round "3.13"]
[White "Kokoszczynski, Jan"]
[Black "Sloniewski, Michal"]
[Result "1-0"]
[WhiteTitle "k"]
[BlackTitle "I"]
[WhiteElo "2111"]
[BlackElo "1806"]

1. e4 c6 2. d4 d5 3. Nc3 dxe4 4. Nxe4 Nd7 5. Nf3 Ngf6 6. Nxf6+ Nxf6 7. Be2 Bf5
8. O-O e6 9. Re1 Be7 10. c3 O-O 11. Bf4 Qb6 12. Qb3 Qxb3 13. axb3 Rfd8 14. b4
Nd5 15. Bg3 Bd6 16. Bxd6 Rxd6 17. Ne5 a6 18. g3 Re8 19. Nc4 Rd7 20. f4 h6 21.
h4 Red8 22. Kf2 Re7 23. Bf3 Rc7 24. Rad1 Rcd7 25. Rd2 Rc7 26. g4 Bh7 27. Kg3 Rcc8
28. h5 Rc7 29. Ne5 f6 30. Nc4 Kf7 31. g5 hxg5 32. fxg5 fxg5 33. Ne5+ Ke7 34. Bxd5
cxd5 35. Rf2 Bf5 36. Nc6+ bxc6 37. Rxf5 Kd6 38. Rxg5 Rh8 39. Rg6 Re8 40. Rf1 Ree7
41. Rf8 Rf7 42. Rg8 Ra7 43. Rg5 Rab7 44. Rd8+ Rbd7 45. Rg8 Rb7 46. Re5 Ra7 47.
Re8 Rae7 48. Rg8 Ra7 49. b3 Rab7 50. Rg5 Ra7 51. c4 Rae7 52. Ra8 Rb7 53. b5 axb5
54. c5+ Ke7 55. Rg6 Rc7 56. Kg4 Rd7 57. Rc8 Ra7 58. Rxc6 Ra1 59. Rgxe6+ Kd8 60.
Red6+ Ke8 61. Rc8+ Ke7 62. Rc7+ Ke8 63. Re6+ Kd8 64. Rxf7 Rg1+ 65. Kh3 1-0

[Event "Druzynowe Mistrzostwa Polski Juniorow 2018 - II Liga"]
[Site "Szczyrk"]
[Date "1899-12-30"]
[Round "3.14"]
[White "Lendzion, Kamil"]
[Black "Golecki, Jan"]
[Result "0-1"]
[WhiteTitle "II+"]
[BlackTitle "I++"]
[WhiteElo "1663"]
[BlackElo "2001"]

1. e4 c5 2. Nf3 d6 3. d4 cxd4 4. Nxd4 Nf6 5. Nc3 g6 6. Be3 Bg7 7. f3 O-O 8. Bc4
Nc6 9. Qd2 Bd7 10. O-O-O Rc8 11. Bb3 a6 12. g4 b5 13. h4 b4 14. Nd5 Nxd5 15. exd5
Ne5 16. Bh6 Nd3+ 17. Qxd3 Bxh6+ 18. g5 Bg7 19. h5 Qb6 20. hxg6 fxg6 21. Ne6 Bxe6
22. dxe6 Qc5 23. Qd5 Qe3+ 24. Kb1 Rc5 25. Qe4 Qxe4 26. fxe4 Rxg5 27. Rxd6 exd6
28. e7+ Kh8 29. Qexf8+ Bxf8 30. a3 bxa3 31. bxa3 h5 32. Kc1 Bh6 33. Kd1 Rg4 34.
Rf1 Rf4 35. Rxf4 Bxf4 36. Ke2 Kg7 37. a4 a5 38. Be6 Kf6 39. Bd7 Ke7 40. Bb5 g5
41. Kf3 Be5 42. Ba6 g4+ 43. Kf2 Kf6 44. Bc8 Kg5 45. Ke3 h4 46. Bd7 h3 47. Kf2
Kh4 48. Bc6 g3+ 49. Kg1 Bd4+ 0-1

[Event "Druzynowe Mistrzostwa Polski Juniorow 2018 - II Liga"]
[Site "Szczyrk"]
[Date "1899-12-30"]
[Round "3.15"]
[White "Kazmierowski, Tymon"]
[Black "Zarebska, Lena"]
[Result "0-1"]
[WhiteTitle "II"]
[BlackTitle "I++"]
[WhiteElo "1452"]
[BlackElo "1817"]

1. e4 c5 2. Nf3 e6 3. d4 cxd4 4. Nxd4 Bc5 5. Nb5 Qb6 6. Be3 Bxe3 7. fxe3 Qxe3+
8. Be2 Na6 9. N1c3 Nh6 10. Nd6+ Ke7 11. Nc4 Qc5 12. Qd2 Rg8 13. O-O-O f6 14. e5
Nf7 15. exf6+ gxf6 16. Rhf1 Qg5 17. Qxg5 Nxg5 18. Nd6 Nc7 19. Rfe1 Nf7 20. Nxc8+
Raxc8 21. Bf3 b6 22. Ne4 d5 23. Ng3 Ne5 24. Rd2 Nxf3 25. gxf3 Kf7 26. f4 Rgd8
27. Rg2 Rg8 28. Rd2 Rcd8 29. Red1 Rg4 30. f5 e5 31. Rd3 Rd7 32. Rc3 Nb5 33. Rc6
Rc7 34. Rxc7+ Nxc7 35. c3 Ke7 36. Kc2 Rh4 37. Rd2 Kd6 38. c4 Rxc4+ 39. Kb3 a5
40. a4 Na6 41. Nh5 Nc5+ 42. Ka2 Rxa4+ 43. Kb1 Ne4 44. Rg2 Rc4 45. b3 Rc7 46. Rg8
Rf7 47. Re8 Kc5 48. Kc2 Nd6 49. Re6 Nxf5 50. Nxf6 Nd4+ 51. Kd3 Nxe6 52. h4 Rxf6
53. h5 e4+ 54. Ke3 Rf3+ 55. Ke2 d4 56. h6 d3+ 57. Kd2 Kd4 58. b4 Rf2+ 59. Ke1
e3 60. b5 Nf4 61. Kd1 Rf1# 0-1

[Event "Druzynowe Mistrzostwa Polski Juniorow 2018 - II Liga"]
[Site "Szczyrk"]
[Date "1899-12-30"]
[Round "3.16"]
[White "Libura, Julianna"]
[Black "Grzadka, Artur"]
[Result "1-0"]
[WhiteTitle "I"]
[BlackTitle "II"]
[WhiteElo "1540"]
[BlackElo "1389"]

1. e4 e5 2. Nf3 d5 3. exd5 e4 4. Qe2 Nf6 5. Nc3 Be7 6. Nxe4 Nxd5 7. d3 O-O 8. Qd1
Re8 9. Be2 Nc6 10. O-O f5 11. Ng3 Bf6 12. Nh5 Be6 13. c4 Nb6 14. Nxf6+ Qxf6 15.
Rb1 h6 16. b4 Rad8 17. Qc2 Nd4 18. Nxd4 Qxd4 19. Bb2 Qd7 20. f4 g6 21. Rf3 Qf7
22. Rg3 Kh7 23. Be5 c6 24. Qb2 Nd7 25. Bc3 Rg8 26. h4 h5 27. Rg5 Kh6 28. Re1 Nf8
29. Rg3 Bd7 30. Re3 Ne6 31. Be5 Rde8 32. Bf3 Qe7 33. Bf6 Qf7 34. g3 Nc7 35. Bg5+
Kh7 36. Re7 Rg7 37. Rxf7 Rxf7 38. Rxe8 Bxe8 39. Qe5 Kg8 40. Bd8 Rd7 41. Bxc7 Rxd3
42. Qxe8+ Kh7 43. Qf7+ Kh6 44. Be5 Rxf3 45. Qg7# 1-0

[Event "Druzynowe Mistrzostwa Polski Juniorow 2018 - II Liga"]
[Site "Szczyrk"]
[Date "1899-12-30"]
[Round "3.17"]
[White "Krzysztynska, Anna"]
[Black "Przepiora, Anna"]
[Result "1-0"]
[WhiteTitle "I+"]
[BlackTitle "I"]
[WhiteElo "1758"]
[BlackElo "1593"]

1. e4 c5 2. Nf3 a6 3. c3 d5 4. exd5 Qxd5 5. d4 e6 6. Be2 Nf6 7. O-O Be7 8. Be3
cxd4 9. cxd4 O-O 10. Nc3 Qa5 11. Ne5 Nbd7 12. Nc4 Qc7 13. Rc1 b5 14. Ne5 Nxe5
15. Nd5 Qd8 16. Nxe7+ Qxe7 17. dxe5 Nd7 18. Bf3 Rb8 19. Ba7 Qg5 20. Bxb8 Nxb8
21. Qd6 Bd7 22. Rc7 Rd8 23. Rb7 Bc8 24. Rxb8 Rxd6 25. exd6 1-0

[Event "Druzynowe Mistrzostwa Polski Juniorow 2018 - II Liga"]
[Site "Szczyrk"]
[Date "1899-12-30"]
[Round "3.18"]
[White "Sloniewska, Alicja"]
[Black "Moscicka, Alicja"]
[Result "1-0"]
[WhiteTitle "I"]
[BlackTitle "II"]
[WhiteElo "1409"]
[BlackElo "1000"]

1. d4 Nf6 2. c4 e6 3. Nc3 Bb4 4. Qc2 Bxc3+ 5. bxc3 O-O 6. Bg5 h6 7. Bh4 d6 8. Nf3
Re8 9. e4 e5 10. Be2 Nbd7 11. O-O b6 12. Bd3 Bb7 13. Rfe1 c5 14. d5 Qc7 15. a4
Rab8 16. Ra2 a5 17. Rb2 Ba6 18. Reb1 g5 19. Bg3 Nh5 20. Be2 Nxg3 21. hxg3 Nf6
22. Nh2 Re7 23. f3 Nh5 24. Kf2 f6 25. Rh1 Kg7 26. Ng4 Kg6 27. Nxh6 Kxh6 28. g4
Rh7 29. gxh5 Kg7 30. Qb1 Bc8 31. Rb3 Bd7 32. Ra3 Rbh8 33. g4 Kf7 34. Qb2 Rh6 35.
Rb3 Rb8 36. Rb1 Bxa4 37. Rxb6 Rxb6 38. Qxb6 Qxb6 39. Rxb6 Ke7 40. Ra6 Bd7 41.
Rxa5 Kf7 42. Ra7 Ke7 43. Bd1 Rh7 44. Ba4 Ke8 45. Ra8+ Kf7 46. Bxd7 Kg7 47. Bf5
Rh6 48. Rd8 Kf7 49. Rxd6 Ke7 50. Re6+ Kd8 51. d6 Rh8 52. Rxf6 Rg8 53. h6 Rh8 54.
h7 Ke8 55. Rg6 1-0

[Event "Druzynowe Mistrzostwa Polski Juniorow 2018 - II Liga"]
[Site "Szczyrk"]
[Date "1899-12-30"]
[Round "3.19"]
[White "Pniaczek, Marek"]
[Black "Lis, Mateusz"]
[Result "1/2-1/2"]
[WhiteTitle "CM"]
[BlackTitle "k"]
[WhiteElo "2082"]
[BlackElo "2102"]

1. e4 c5 2. Nf3 e6 3. d4 cxd4 4. Nxd4 Nc6 5. Nc3 Qc7 6. Qd3 a6 7. Nxc6 dxc6 8.
Qg3 Qxg3 9. hxg3 e5 10. Na4 Nf6 11. f3 Be6 12. Be3 Nd7 13. Nb6 Nxb6 14. Bxb6 Be7
15. Kf2 Bd8 16. Bc5 Be7 17. Bb6 Bd8 18. Bc5 Be7 19. Bb6 Bd8 20. Bc5 Be7 1/2-1/2

[Event "Druzynowe Mistrzostwa Polski Juniorow 2018 - II Liga"]
[Site "Szczyrk"]
[Date "1899-12-30"]
[Round "3.20"]
[White "Bachor, Tomasz"]
[Black "Musial, Tomasz"]
[Result "1/2-1/2"]
[WhiteTitle "I"]
[BlackTitle "k"]
[WhiteElo "1844"]
[BlackElo "2029"]

1. e4 e6 2. d4 d5 3. e5 c5 4. c3 Nc6 5. Nf3 Bd7 6. a3 f6 7. exf6 Nxf6 8. Be3 c4
9. Nbd2 Bd6 10. g3 O-O 11. Bg2 Be8 12. b3 cxb3 13. Qxb3 Na5 14. Qb2 Bg6 15. O-O
Ne4 16. Rfe1 Nxd2 17. Nxd2 Qc7 18. Rac1 Qe7 19. Qa2 Rac8 20. Bxd5 Bf7 21. Bg2
b6 22. Ne4 Nc4 23. Bg5 Qc7 24. Nxd6 Qxd6 25. Bb7 Rc7 26. Bf4 e5 27. dxe5 Nxe5
28. Bxe5 Qxe5 29. Qxf7+ Rcxf7 30. Rxe5 Rxb7 31. a4 Rc8 32. a5 Rbc7 33. axb6 axb6
34. Rb5 Rxc3 35. Rxc3 Rxc3 36. Rxb6 Rc5 37. Kg2 h5 38. h3 Kf7 39. h4 g6 40. Rb3
Kf6 41. f3 Rc2+ 42. Kh3 Rc1 43. Rb6+ Kg7 44. Rb7+ Kf6 45. Rb6+ Kg7 46. Rb3 Rc7
47. g4 hxg4+ 48. fxg4 Kh6 49. Kg3 Rc4 50. Re3 Kg7 51. Kf3 Kf6 52. Re4 Rc1 53.
g5+ Kf7 54. Kf4 Rc7 55. Rd4 Re7 56. Re4 Ra7 57. Rd4 Re7 58. Rd5 Kg7 59. Re5 Ra7
60. Re4 Kf7 61. Rb4 Re7 62. Rb5 Kg7 63. Re5 Ra7 64. Re4 1/2-1/2

[Event "Druzynowe Mistrzostwa Polski Juniorow 2018 - II Liga"]
[Site "Szczyrk"]
[Date "1899-12-30"]
[Round "3.22"]
[White "Furgal, Grzegorz"]
[Black "Straczek, Wiktoria"]
[Result "1-0"]
[WhiteTitle "II"]
[BlackTitle "II+"]
[WhiteElo "1409"]
[BlackElo "1240"]

1. e4 d5 2. exd5 Qxd5 3. Nf3 Nf6 4. Be2 Bf5 5. d4 a6 6. c4 Qd7 7. Nc3 Nc6 8. Be3
e6 9. O-O O-O-O 10. a3 Be7 11. b4 Na7 12. Ne5 Qe8 13. Qb3 Nd7 14. b5 axb5 15.
Nxb5 Nxb5 16. cxb5 Nxe5 17. dxe5 Be4 18. b6 Bc6 19. bxc7 Rd7 20. Bb6 Rd5 21. Bc4
Rxe5 22. a4 Rg5 23. g3 Bd6 24. Rfd1 Bxc7 25. a5 Bd5 26. a6 Bxc4 27. axb7+ Kxb7
28. Ra7+ Kb8 29. Bxc7+ Kc8 30. Qb8# 1-0

[Event "Druzynowe Mistrzostwa Polski Juniorow 2018 - II Liga"]
[Site "Szczyrk"]
[Date "1899-12-30"]
[Round "3.23"]
[White "Pyzio, Amelia"]
[Black "Cebula, Alicja"]
[Result "0-1"]
[WhiteTitle "I++"]
[BlackTitle "I"]
[WhiteElo "1679"]
[BlackElo "1583"]

1. e4 c5 2. Nf3 e6 3. d4 cxd4 4. Nxd4 a6 5. Bd3 b5 6. a4 b4 7. Be3 Bb7 8. Nd2 Qc7
9. Qe2 Nf6 10. O-O Be7 11. f3 d5 12. Bf2 Nbd7 13. Rfe1 Bd6 14. g3 O-O 15. exd5
Nxd5 16. Nc4 Be7 17. Nb3 Nc5 18. Nxc5 Bxc5 19. Rad1 Rfd8 20. Rd2 Nb6 21. Nxb6
Qxb6 22. Red1 g6 23. Kf1 Bxf2 24. Qxf2 Qc6 25. Be4 Qc4+ 26. Qe2 Qxe2+ 27. Kxe2
Rxd2+ 28. Rxd2 Bxe4 29. fxe4 Rc8 30. Kd1 Rc6 31. Rd4 a5 32. Kd2 Kf8 33. Rd7 Kg7
34. Ra7 Rc5 35. Kd3 Kf6 36. c3 bxc3 37. bxc3 e5 38. Rb7 h5 39. Rb5 Rxb5 40. axb5
Ke6 41. b6 Kd6 42. c4 Kc6 43. c5 f5 44. exf5 gxf5 45. h3 a4 46. Kc3 e4 47. Kb4
e3 48. Ka5 e2 49. Ka6 Qe1 50. b7 Qe8 0-1

[Event "Druzynowe Mistrzostwa Polski Juniorow 2018 - II Liga"]
[Site "Szczyrk"]
[Date "1899-12-30"]
[Round "3.24"]
[White "Mroz, Lena"]
[Black "Mucha, Marta"]
[Result "1/2-1/2"]
[WhiteTitle "I++"]
[BlackTitle "I+"]
[WhiteElo "1566"]
[BlackElo "1432"]

1. e4 c5 2. Nf3 Nc6 3. d4 cxd4 4. Nxd4 g6 5. Nc3 Bg7 6. Be3 Nf6 7. Bc4 Qa5 8. O-O
O-O 9. Bb3 d6 10. h3 Bd7 11. Qd2 Nxd4 12. Bxd4 Bc6 13. f3 Rac8 14. Rad1 Nh5 15.
Nd5 Qd8 16. Bxg7 Nxg7 17. Ne3 Qc7 18. Ng4 Qb6+ 19. Kh2 Bb5 20. Rfe1 Be8 21. f4
h5 22. Nh6+ Kh7 23. f5 Qc5 24. c3 Qe5+ 25. Kh1 Rd8 26. Qg5 f6 27. fxg6+ Bxg6 28.
Qe3 Qg5 29. Nf5 Bxf5 30. exf5 Qxe3 31. Rxe3 Rfe8 32. Bc2 Kh6 33. Rde1 Kg5 34.
g4 hxg4 35. hxg4 Rh8+ 36. Kg2 Rh4 37. Rxe7 Rxg4+ 38. Kf3 Rf4+ 39. Ke3 Nxf5+ 40.
Bxf5 Kxf5 41. Rxb7 Re8+ 42. Kd2 Rf2+ 43. Kd1 Rg8 44. Rb5+ Kf4 45. Re2 Rf1+ 46.
Re1 Rf2 47. Re2 Rf1+ 48. Re1 1/2-1/2

[Event "Druzynowe Mistrzostwa Polski Juniorow 2018 - II Liga"]
[Site "Szczyrk"]
[Date "1899-12-30"]
[Round "3.25"]
[White "Klepek, Witold"]
[Black "Laszczak, Przemyslaw"]
[Result "1/2-1/2"]
[WhiteTitle "k+"]
[BlackTitle "k"]
[WhiteElo "2076"]
[BlackElo "1990"]

1. e4 c5 2. Nf3 g6 3. d4 cxd4 4. Nxd4 Bg7 5. c4 Nc6 6. Nc2 d6 7. Be2 Nf6 8. Nc3
O-O 9. O-O Bd7 10. Be3 Rc8 11. f3 Ne5 12. Na3 a6 13. Rc1 Be6 14. b3 Qa5 15. Nab1
Rfd8 16. a3 Qc7 17. Nd5 Bxd5 18. cxd5 Qb8 19. Qd2 Ned7 20. a4 Nc5 21. Qa2 b5 22.
Nd2 Nfd7 23. Rc2 bxa4 24. bxa4 Qb4 25. Rb1 Qa5 26. Nb3 Nxb3 27. Qxb3 Rb8 28. Qa2
Rxb1+ 29. Qxb1 Nc5 30. Rc4 Nxa4 31. Qb4 Qxb4 32. Rxb4 Nc5 33. Bxc5 dxc5 34. Rb7
Ra8 35. Rxe7 a5 36. Bc4 Bf6 37. Rb7 Be5 38. Re7 Bf6 39. Rb7 Be5 40. d6 1/2-1/2

[Event "Druzynowe Mistrzostwa Polski Juniorow 2018 - II Liga"]
[Site "Szczyrk"]
[Date "1899-12-30"]
[Round "3.26"]
[White "Trybus, Daniel"]
[Black "Burzak, Wojciech"]
[Result "1-0"]
[WhiteTitle "I+"]
[BlackTitle "I"]
[WhiteElo "1793"]
[BlackElo "1749"]

1. d4 Nf6 2. Nf3 g6 3. c4 Bg7 4. Nc3 d5 5. Qb3 dxc4 6. Qxc4 O-O 7. Bf4 c6 8. e3
Qb6 9. Be2 Bf5 10. Qb3 Nbd7 11. O-O Nh5 12. Bg5 e5 13. dxe5 Nxe5 14. Qxb6 Nxf3+
15. Bxf3 axb6 16. g4 f6 17. Bh4 Bd3 18. Rfd1 Rad8 19. gxh5 g5 20. Bg3 Bc2 21.
Rxd8 Rxd8 22. Rc1 Rd2 23. Nb1 Bxb1 24. Rxb1 f5 25. Rd1 Rxb2 26. Rd8+ Kf7 27. Rd7+
Kf6 28. Rxb7 c5 29. Bd5 1-0

[Event "Druzynowe Mistrzostwa Polski Juniorow 2018 - II Liga"]
[Site "Szczyrk"]
[Date "1899-12-30"]
[Round "3.27"]
[White "Gradalski, Olaf"]
[Black "Syrkiewicz, Michal"]
[Result "1-0"]
[WhiteTitle "II"]
[BlackTitle "II+"]
[WhiteElo "1224"]
[BlackElo "1799"]

1. e4 d5 2. exd5 Qxd5 3. Nc3 Qa5 4. d4 Nf6 5. Bc4 Bf5 6. Nf3 e6 7. Bd2 c6 8. Qe2
Bb4 9. O-O-O O-O 10. Nh4 Bg6 11. Nxg6 hxg6 12. h4 b5 13. Bb3 Qb6 14. Be3 Qa5 15.
Bd2 Qc7 16. Ne4 Bxd2+ 17. Rxd2 Nxe4 18. Qxe4 Nd7 19. g4 Nf6 20. Qf3 a5 21. c3
b4 22. cxb4 axb4 23. h5 g5 24. Kb1 Rfd8 25. Rdd1 Qf4 26. Qxf4 gxf4 27. f3 Ra5
28. Rd3 Nd5 29. Rc1 Rd6 30. Bxd5 Raxd5 31. Rc4 c5 32. dxc5 Rxd3 33. cxd6 Rxd6
34. Rxb4 e5 35. Kc2 Kh7 36. a4 g6 37. hxg6+ Kxg6 38. a5 Kg5 39. Ra4 Kf6 40. a6
Rd8 41. a7 Ra8 42. b4 e4 43. b5 exf3 44. Kd2 Kg5 45. b6 Kxg4 46. Ke1 Kg3 47. Rxf4
Kxf4 48. b7 Re8+ 49. Kf1 Ra8 50. Ke1 Rxa7 1-0

[Event "Druzynowe Mistrzostwa Polski Juniorow 2018 - II Liga"]
[Site "Szczyrk"]
[Date "1899-12-30"]
[Round "3.28"]
[White "Czarnomski, Dominik"]
[Black "Raba, Bartosz"]
[Result "0-1"]
[WhiteTitle "II+"]
[BlackTitle "II"]
[WhiteElo "1454"]
[BlackElo "1272"]

1. c4 e5 2. g3 g6 3. Bg2 Bg7 4. Nc3 f5 5. d3 Nc6 6. e4 d6 7. Nge2 Nf6 8. O-O O-O
9. h3 Be6 10. Be3 Qd7 11. Kh2 Rf7 12. b4 fxe4 13. Nxe4 Nxe4 14. Bxe4 Bxh3 15.
b5 Nd8 16. Rh1 Bf5 17. Nc3 Bxe4 18. Nxe4 Ne6 19. Kg2 d5 20. Ng5 Nxg5 21. Bxg5
Qf5 22. Qd2 e4 23. d4 dxc4 24. a4 Qf3+ 25. Kg1 Qd3 26. Qxd3 cxd3 27. Be3 Rd8 28.
Rh4 Bxd4 29. Bxd4 Rxd4 30. Kf1 Rfd7 31. Ke1 Kg7 32. Kd2 g5 33. Rhh1 Kg6 34. Rhe1
Kf5 35. a5 Kg4 36. Re3 c6 37. bxc6 bxc6 38. Rc1 Rc7 39. Rc5 h6 40. a6 Rf7 41.
Rxc6 Rxf2+ 42. Kd1 d2 0-1

[Event "Druzynowe Mistrzostwa Polski Juniorow 2018 - II Liga"]
[Site "Szczyrk"]
[Date "1899-12-30"]
[Round "3.29"]
[White "Gredka, Dominika"]
[Black "Nowacka, Dorota"]
[Result "1-0"]
[WhiteTitle "I++"]
[BlackTitle "I"]
[WhiteElo "1794"]
[BlackElo "1279"]

1. e4 e6 2. d4 d5 3. Nd2 Nf6 4. e5 Nfd7 5. Bd3 c5 6. c3 Nc6 7. Ne2 cxd4 8. cxd4
f6 9. exf6 Nxf6 10. O-O Bd6 11. Nf3 O-O 12. a3 Qc7 13. Ng3 e5 14. dxe5 Nxe5 15.
Nxe5 Bxe5 16. Qb3 Kh8 17. Bg5 Qd6 18. Rac1 Be6 19. Bb1 g6 20. Rcd1 d4 21. Qxb7
Bd5 22. Bxf6+ Rxf6 23. Qb5 Rb8 24. Qe2 Bc6 25. Bd3 Re8 26. Qc2 Qd7 27. Rde1 Qg4
28. Be2 Qh4 29. Bd3 g5 30. b4 Rh6 31. h3 Qf4 32. b5 Bb7 33. Be4 Bc8 34. Bf5 Bxf5
35. Qxf5 Qxf5 36. Nxf5 Rhe6 37. g3 d3 38. Re3 Rf6 39. g4 d2 40. Rd1 Rc8 41. Rxe5
Rxf5 42. Rxf5 Rc1 43. Kf1 Rxd1+ 44. Ke2 Ra1 45. Kxd2 Rxa3 46. f3 h6 47. Ke2 Rb3
48. Rc5 Kg7 49. Rc7+ Kg6 50. Rxa7 Rxb5 51. Ra6+ Kg7 52. Kf2 Rb3 53. Kg3 Rc3 54.
Ra5 Kg6 55. Rf5 Rd3 56. h4 Rc3 57. hxg5 hxg5 58. Kf2 Ra3 59. Rd5 Kf6 60. Ke2 Rb3
61. Rd3 Rb1 62. Ke3 Re1+ 63. Kd4 Re8 64. Rc3 Rd8+ 65. Ke3 Re8+ 66. Kf2 Re6 67.
Kg3 Re2 68. f4 gxf4+ 69. Kxf4 Rf2+ 70. Kg3 Rd2 71. Rc6+ Kg5 72. Rc5+ Kg6 73. Rc8
Rd3+ 74. Kh4 Rd4 75. Rc6+ Kh7 76. Kg5 Rd7 77. Kf5 Kg7 78. Rg6+ Kh7 79. Re6 Kg7
80. Kg5 Rd5+ 81. Kh4 Rd4 82. Kh5 Rd7 83. Rg6+ Kh7 84. Rg5 Rd6 85. Rf5 Rh6+ 86.
Kg5 Rg6+ 87. Kf4 Kg7 88. Rg5 Kf7 89. Rf5+ Ke7 90. Rb5 Rd6 91. Kg5 Rd7 92. Kg6
Rd6+ 93. Kg7 Rd4 94. g5 Rh4 95. g6 Rf4 96. Re5+ Kd6 97. Re1 Rg4 98. Kf7 Rf4+ 99.
Kg8 Rg4 100. g7 Kd7 101. Kf7 Rf4+ 102. Kg6 Rg4+ 103. Kf6 Rg2 104. Re5 Rf2+ 105.
Rf5 Rg2 106. Kf7 Kd6 107. Qg8 Rxg8 108. Kxg8 Ke6 109. Ra5 1-0